Loading...
| Beliefs | 11 | 18.18 | 2,182% | 182% | 327% |
| Current Events | 3 | 16.67 | 1,733% | 400% | 200% |
| Fine Arts - Auditory | 8 | 17.50 | 1,100% | 275% | 500% |
| Fine Arts - Other Arts | 1 | 20.00 | 0% | 600% | 600% |
| Fine Arts - Visual | 5 | 12.00 | 0% | 360% | 320% |
| Geography | 3 | 10.00 | 0% | 0% | 467% |
| History - American | 5 | 12.00 | 1,440% | 320% | 120% |
| History - European | 3 | 10.00 | 1,200% | 0% | 400% |
| History - World | 5 | 14.00 | 2,160% | 240% | 240% |
| Literature - American | 6 | 16.67 | 1,800% | 200% | 500% |
| Literature - British | 6 | 13.33 | 2,667% | 167% | 100% |
| Literature - European | 7 | 11.43 | 514% | 257% | 314% |
| Other Arts: Auditory | 4 | 17.50 | 2,700% | 450% | 150% |
| Other Arts: Visual | 4 | 17.50 | 900% | 400% | 400% |
| Other Science: Earth Science | 4 | 12.50 | 1,800% | 300% | 50% |
| Other Science: Math | 2 | 15.00 | 3,600% | 0% | 300% |
| Philosophy | 4 | 15.00 | 2,700% | 150% | 300% |
| Science - Biology | 6 | 11.67 | 1,200% | 167% | 267% |
| Science - Chemistry | 5 | 18.00 | 1,440% | 400% | 280% |
| Science - Physics | 5 | 14.00 | 2,240% | 120% | 160% |
| Social Science | 3 | 23.33 | 2,400% | 600% | 400% |
| 4 | 12.50 | 1,000% | 250% | 150% |